Top 10 dworców w polsce pod względem obsłużeń - Statystyki

Ogólne statystyki
  • Ten quiz został rozwiązany 31 razy
  • Średni wynik to 8 z 10
Statystyki odpowiedzi
PPL/24H Pierwsza
Litera
Województwa
(Bez polskich znaków)
Dworzec # % Poprawnych
58,000 D Wrocław Główny 2.
96%
62,000 W Poznań Główny 1.
93%
45,000 M Warszawa Centralna 3.
89%
43,000 S Katowice 5.
85%
42,499 M Kraków Główny 7.
81%
37,500 M Warszawa Zachodnia 8.
81%
30,500 P Gdynia Główna 9.
78%
42,500 M Warszawa Wschodnia 6.
74%
24,000 P Gdańsk Wrzeszcz 10.
48%
44,500 M Warszawa Śródmieście 4.
33%
Nie znaleziono quizów pasujących do podanych kryteriów
Rozkład punktacji
Procent ludzi z każdym wynikiem
Percentyl według liczby udzielonych odpowiedzi
Twoja historia wyników
Nie rozwiązałeś tego quizu